| 000 | 00377nam a2200133Ia 4500 | ||
|---|---|---|---|
| 008 | 220217s9999||||xx |||||||||||||| ||und|| | ||
| 020 | _a978-0-07-022287-8 | ||
| 082 | _a005.13 SCH | ||
| 100 |
_aSchildts, Herb _95888 |
||
| 245 | 0 | _aJava programming cook book | |
| 260 |
_aTata mcgraw hill company Ltd _bNew Delhi _c2008 |
||
| 300 | _b425 | ||
| 650 | _aPROGRAMMING LANGUAGE | ||
| 999 |
_c177082 _d177082 |
||